Slovenská obchodná inšpekcia
Úplné znenie zákona Slovenskej národnej rady č. 71/1986 Zb. o Slovenskej obchodnej inšpekcii v znení zákona č.417/1991 Zb. s komentárom. Rozšírenie pôsobnosti SOI zákonom č. 274/1993 Z.z. o vymedzení pôsobnosti orgánov vo veciach ochrany spotrebiteľa. Ďalší zákon č. 152/1995 Z.z ustanovuje podmienky...
Saved in:
| Main Author: | |
|---|---|
| Format: | Book Chapter |
| Language: | Slovak |
| Subjects: | |
| Tags: |
No Tags, Be the first to tag this record!
|
MARC
| LEADER | 00000naa a2200000 4500 | ||
|---|---|---|---|
| 001 | r028148 | ||
| 005 | 20241025135657.1 | ||
| 041 | 0 | |a slo | |
| 044 | |a SK | ||
| 245 | 1 | 0 | |a Slovenská obchodná inšpekcia |c E. Babiaková |
| 520 | |a Úplné znenie zákona Slovenskej národnej rady č. 71/1986 Zb. o Slovenskej obchodnej inšpekcii v znení zákona č.417/1991 Zb. s komentárom. Rozšírenie pôsobnosti SOI zákonom č. 274/1993 Z.z. o vymedzení pôsobnosti orgánov vo veciach ochrany spotrebiteľa. Ďalší zákon č. 152/1995 Z.z ustanovuje podmienky výroby potravín a manipulácie s nimi. Zakotvuje úlohy potravinového dozoru v záujme ochrany spotrebiteľa. Práva a povinnosti postihovaných podnikateľov. | ||
| 610 | 2 | 0 | |a zákony |
| 610 | 2 | 0 | |a Slovenská obchodná inšpekcia |
| 610 | 2 | 0 | |a inšpekcia štátna |
| 610 | 2 | 0 | |a ochrana spotrebiteľa |
| 610 | 2 | 0 | |a legislatíva |
| 610 | 2 | 0 | |a podnikatelia |
| 610 | 2 | 0 | |a právo správne |
| 610 | 2 | 0 | |a sankcie |
| 610 | 2 | 0 | |a dozor štátny |
| 610 | 2 | 0 | |a potraviny |
| 100 | 1 | |a Babiaková, E. | |